00969nam a2200253Ia 4500001001100000003000800011006001900019007001500038008004100053040002100094035002100115050002400136100002900160245006700189260004400256300001100300533015200311650004100463650002500504655002900529710001700558856012500575999001500700ebr5001085CaPaEBRm u cr cn|||||||||940729s2001 vau s 000 0 eng d aCaPaEBRcCaPaEBR a(OCoLC)68063303114aPS1322b.S74 2001eb1 aTwain, Mark,d1835-1910.10aMark Twain's Speechesh[electronic resource] /cby Mark Twain. aBlacksburg, VA :bVirginia Tech,c2001. a164 p. aElectronic reproduction.bPalo Alto, Calif. :cebrary,d2010.nAvailable via World Wide Web.nAccess may be limited to ebrary affiliated libraries. 0aSpeeches, addresses, etc., American. 0aAmerican literature. 7aElectronic books.2local2 aebrary, Inc.40uhttp://site.ebrary.com/lib/rucke/Doc?id=5001085zAn electronic book accessible through the World Wide Web; click to view c3201d3201